ห้องสมุด วิทยาลัยพยาบาลบรมราชชนนี อุดรธานี
Boromarajonani College of Nursing, Udonthani
เปลี่ยนเป็นภาษาไทย

Change to English
 แสดงรายละเอียดบรรณานุกรม
  กลับหน้าหลัก

Brief Record : Get Marc (ISO 2709) : E-mail record : QR code ปิดหน้าต่าง
หนังสืออ้างอิง : เกี่ยวกับ Collections
mysqli: Table './ulib2015/stat_globaluid' is marked as crashed and last (automatic?) repair failed
select id from stat_globaluid where statuid='20260417213721_2502' 
mysqli: Table './ulib2015/stat_globaluid' is marked as crashed and last (automatic?) repair failed
DELETE FROM stat_globaluid
			WHERE id NOT IN (
			  SELECT id
			  FROM (
				SELECT id
				FROM stat_globaluid
				ORDER BY id DESC
				LIMIT 100
			  ) foo
			); 
mysqli: Table './ulib2015/stat_globaluid' is marked as crashed and last (automatic?) repair failed
insert into stat_globaluid set
		statuid='20260417213721_2502',
		dt='1776436641',
		phpself='/ULIB/dublinfull.php',
		agent='Mozilla/5.0 AppleWebKit/537.36 (KHTML, like Gecko; compatible; ClaudeBot/1.0; +claudebot@anthropic.com)',
		yea='2026',
		mon='4',
		dat='17',
		ip='216.73.216.55'
		
		
LEADER 00674nam 2200229 a 4500
001    10842
003     ULIBM
008    150611s2541 th m a001 0 tha d
050  4 ^aB^bส113ค 2541
245 ^a ^a1111
250    ^aพิมพ์ครั้งที่ 2.
300    ^a 118 หน้า.
650  7 ^aปรัชญาไทย
945    ^p0^l0^i11303
999     ^aลิขิตลักษณ์
รายการนี้ยังไม่มีแท็ก
คุณยังไม่ได้ล็อกอิน คุณสามารถมีกิจกรรมร่วมกับเว็บไซต์ได้ แต่ต้องล็อกอินก่อน ::
  ล็อกอิน
ลำดับที่ ประเภท เลขเรียก/บาร์โค้ด สถานที่ สถานะ
1. หนังสือภาษาไทย
หนังสือภาษาไทย
B ส113ค 2541  
  Barcode: 11303
หนังสือทั่วไป On Shelf
   [แสดง 1/1 รายการ]

mysqli: Can't create/write to file '/var/tmp/#sql_59d_1.MAI' (Errcode: 2)
select * from index_db where titl like '%ความเป็นเลิศทางวิชาการ/ ส.ศิวรักษ์%' and mid<>'10842'  order by rand() limit 3
mysqli: Can't create/write to file '/var/tmp/#sql_59d_1.MAI' (Errcode: 2)
select * from index_db where subj like '%ปรัชญาไทย%' and mid<>'10842'  order by rand() limit 3

BibComment


ยังไม่เคยถูกคอมเมนท์

คอมเมนท์ทรัพยากรรายการนี้
  คอมเมนท์: ความเป็นเลิศทางว..
Bib 10842

 
 
 

 Union Library Management : ULibM
Copyright 2026. All Rights Reserved.